Intelligence isn't enough : (Record no. 768221)

MARC details
000 -LEADER
fixed length control field 01251nam a22002897b 4500
003 - CONTROL NUMBER IDENTIFIER
control field 3228
005 - DATE AND TIME OF LATEST TRANSACTION
control field 20260221102143.0
008 - FIXED-LENGTH DATA ELEMENTS--GENERAL INFORMATION
fixed length control field 240928b sa ||||| |||| 00| 0 eng d
020 ## - INTERNATIONAL STANDARD BOOK NUMBER
International Standard Book Number <a href="9781776190782">9781776190782</a>
Qualifying information (pbk)
040 ## - CATALOGING SOURCE
Original cataloging agency MPL
Transcribing agency 3228
041 ## - LANGUAGE CODE
Language English
082 ## - DEWEY DECIMAL CLASSIFICATION NUMBER
Classification number 650.1082 ANDE
942 ## - ADDED ENTRY ELEMENTS
Creator ID 169
Creator Name Boniswa Ngcongolo
Modifier ID 367
Modifier Name Ellen Msibi
100 1# - MAIN ENTRY--PERSONAL NAME
Personal name Anderson, Carice,
Relator term author.
245 10 - TITLE STATEMENT
Title Intelligence isn't enough :
Cover Title a black professional's guide to thriving in the workplace /
Statement of responsibility, etc. Carice Anderson.
260 ## - PUBLICATION, DISTRIBUTION, ETC.
Place of publication, distribution, etc. Johannesburg [South Africa] :
Name of publisher, distributor, etc. Jonathan Ball;
Date of publication, distribution, etc. 2021.
264 #1 - PRODUCTION, PUBLICATION, DISTRIBUTION, MANUFACTURE, AND COPYRIGHT NOTICE
Place of production, publication, distribution, manufacture Johannesburg, [South Africa] :
Name of producer, publisher, distributor, manufacturer Jonathan Ball Publishers;
Date of production, publication, distribution, manufacture, or copyright notice 2021.
300 ## - PHYSICAL DESCRIPTION
Extent 288 pages :
Other physical details illustrations ;
Dimensions 23 cm
336 ## - CONTENT TYPE
Content type term text
Content type code txt
Source rdacontent
504 ## - BIBLIOGRAPHY, ETC. NOTE
Bibliography, etc. note Includes bibliographical references (pages 276-279).
521 ## - TARGET AUDIENCE NOTE
Target audience note Adults
650 #0 - SUBJECT ADDED ENTRY--TOPICAL TERM
Topical term or geographic name entry element Businesspeople, Black.
9 (RLIN) 189402
650 #0 - SUBJECT ADDED ENTRY--TOPICAL TERM
Topical term or geographic name entry element Success in business.
9 (RLIN) 180308
650 #0 - SUBJECT ADDED ENTRY--TOPICAL TERM
Topical term or geographic name entry element Career development
Geographic subdivision South Africa.
942 ## - ADDED ENTRY ELEMENTS
Source of classification or shelving scheme Dewey Decimal Classification
item type Book
Holdings
Withdrawn status Lost status Source of classification or shelving scheme Damaged status Not for loan Collection code Home library Current library Shelving location Date acquired Cost, normal purchase price Total Checkouts Full call number Barcode Date last seen Price effective from item type
    Dewey Decimal Classification     600: Technology & Applied Science ERMELO REGIONAL LIBRARY Amsterdam P.L. General Stacks 12.03.2025 248.00   650.1082 ANDE 3228200025674 12.03.2025 12.03.2025 Book
    Dewey Decimal Classification     600: Technology & Applied Science Badplaas / Manzana Public Library Badplaas / Manzana Public Library General Stacks 28.09.2024 248.00   650.1082 ANDE 3322803175743 28.09.2024 28.09.2024 Book
    Dewey Decimal Classification     600: Technology & Applied Science Badplaas / Manzana Public Library Badplaas / Manzana Public Library General Stacks 28.09.2024 248.00   650.1082 ANDE 3322803175776 30.09.2024 28.09.2024 Book
    Dewey Decimal Classification     600: Technology & Applied Science MBOMBELA REGIONAL LIBRARY Barberton General Stacks 06.11.2025 248.00   650.1082 ANDE 3228200042238 06.11.2025 06.11.2025 Book
    Dewey Decimal Classification     600: Technology & Applied Science Secunda Secunda Non Fiction 15.10.2024 350.00   650.1082 ANDE 33228017374115 15.10.2024 15.10.2024 Book
    Dewey Decimal Classification     600: Technology & Applied Science Secunda Secunda Non Fiction 20.02.2026     650.1082 ANDE 069113 20.02.2026 20.02.2026 Book
    Dewey Decimal Classification     600: Technology & Applied Science Standerton Regional Library Standerton Public Library General Stacks 30.06.2026 442.50   650.1082 ANDE 3228200035206 30.06.2026   Book